| 000 | 01238cam a2200133 4500500 | ||
|---|---|---|---|
| 005 | 20260322000105.0 | ||
| 041 | _afre | ||
| 042 | _adc | ||
| 100 | 1 | 0 |
_aReghezza-Zitt, Magali _eauthor |
| 245 | 0 | 0 | _aLa France dans ses territoires |
| 260 |
_bArmand Colin,
_c2024. |
||
| 520 | _aL’espace français a connu ces dernières années de profondes mutations liées à des dynamiques internes structurelles mais aussi à des évolutions rapides du contexte géopolitique et économique international. Pour saisir l’ensemble de ces évolutions, cet ouvrage propose une nouvelle géographie de la France, en l’abordant par l’entrée des «territoires», qui permettent ainsi de combiner les approches politiques, culturelle, économique et sociale.Cette nouvelle édition vient également faire le point sur les problématiques les plus récentes: réforme territoriale, mutation des systèmes productifs, changement climatique et transition écologique, marges et périphéries.Une synthèse incontournable assortie de nombreux outils et figures originales, avec des études de cas en fin de chaque chapitre. | ||
| 856 | 4 | 1 | _uhttps://shs.cairn.info/la-france-dans-ses-territoires--9782200628062?lang=fr&redirect-ssocas=7080 |
| 999 |
_c1703035 _d1703035 |
||